000 00458nam a2200169Ia 4500
008 090711s9999 xx 000 0 und d
082 _b37685
100 _aशंकर / शहाणे
245 _aमर्यादित
260 _c1976
300 _a170
600 _aशंकर / शहाणे
630 _aमर्यादित
700 _aशंकर / शहाणे
730 _aमर्यादित
942 _cBOOK
999 _c287932
_d287932